000 00600nam a2200229Ia 4500
003 OSt
005 20220923230804.0
006 a|||||r|||| 00| 0
007 ta
008 Pun
024 _a305,529
037 _cTextual
040 _aARTS
_cARTS
_bPun
041 _2Pun
_aPun
082 _aQ8441:21:g, 153M7
100 _aਹਰਿਕਿFਨ ਸਿੰਘ
_9168861
245 0 _aਰਸਕਿ ਰਸਕਿ ਗੁਨ ਗਾਵਹ
260 _c1987
650 _aਧਰਮ
942 _hQ8441:21:g, 153M7
_cTEXL
_2CC
999 _c387321
_d387321